<?xml version="1.0" encoding="UTF-8"?>
<record
    xmlns:xsi="http://www.w3.org/2001/XMLSchema-instance"
    xsi:schemaLocation="http://www.loc.gov/MARC21/slim http://www.loc.gov/standards/marcxml/schema/MARC21slim.xsd"
    xmlns="http://www.loc.gov/MARC21/slim">

  <leader>03798cam a2200373 a 4500</leader>
  <controlfield tag="001">16865936</controlfield>
  <controlfield tag="005">20210414114210.0</controlfield>
  <controlfield tag="008">110712s2011    nyu           001 0 eng  </controlfield>
  <datafield tag="010" ind1=" " ind2=" ">
    <subfield code="a">  2011029346</subfield>
  </datafield>
  <datafield tag="020" ind1=" " ind2=" ">
    <subfield code="a">9780199692323 (hbk)</subfield>
  </datafield>
  <datafield tag="020" ind1=" " ind2=" ">
    <subfield code="a">9780199692330 (pbk.)</subfield>
  </datafield>
  <datafield tag="040" ind1=" " ind2=" ">
    <subfield code="a">DLC</subfield>
    <subfield code="c">DLC</subfield>
    <subfield code="d">DLC</subfield>
  </datafield>
  <datafield tag="042" ind1=" " ind2=" ">
    <subfield code="a">pcc</subfield>
  </datafield>
  <datafield tag="043" ind1=" " ind2=" ">
    <subfield code="a">e-uk---</subfield>
  </datafield>
  <datafield tag="050" ind1="0" ind2="0">
    <subfield code="a">KD4902.C36</subfield>
  </datafield>
  <datafield tag="082" ind1="0" ind2="0">
    <subfield code="a">342.73/06</subfield>
    <subfield code="2">23</subfield>
  </datafield>
  <datafield tag="084" ind1=" " ind2=" ">
    <subfield code="a">LAW000000</subfield>
    <subfield code="a">LAW001000</subfield>
    <subfield code="a">LAW018000</subfield>
    <subfield code="2">bisacsh</subfield>
  </datafield>
  <datafield tag="100" ind1="1" ind2=" ">
    <subfield code="a">Cane, Peter,</subfield>
    <subfield code="d">1950-</subfield>
  </datafield>
  <datafield tag="245" ind1="1" ind2="0">
    <subfield code="a">Administrative law. /</subfield>
    <subfield code="c">Peter Cane.</subfield>
  </datafield>
  <datafield tag="250" ind1=" " ind2=" ">
    <subfield code="a">5th ed.</subfield>
  </datafield>
  <datafield tag="260" ind1=" " ind2=" ">
    <subfield code="a">New York :</subfield>
    <subfield code="b">Oxford University Press,</subfield>
    <subfield code="c">2011.</subfield>
  </datafield>
  <datafield tag="300" ind1=" " ind2=" ">
    <subfield code="a">xxxix, 452 p. :</subfield>
    <subfield code="c">22 cm.</subfield>
  </datafield>
  <datafield tag="490" ind1="0" ind2=" ">
    <subfield code="a">Clarendon law series</subfield>
  </datafield>
  <datafield tag="500" ind1=" " ind2=" ">
    <subfield code="a">Rev. ed. of: Introduction to administrative law. 3rd ed. 1996.</subfield>
  </datafield>
  <datafield tag="500" ind1=" " ind2=" ">
    <subfield code="a">Includes index.</subfield>
  </datafield>
  <datafield tag="505" ind1="8" ind2=" ">
    <subfield code="a">Machine generated contents note: -- Part I: Introduction -- 1. Administrative Law and Public Administration -- 2. The Institutional Framework of Public Administration -- Part II: The Normative Framework of Public Administration -- 3. The Tasks and Functions of Public Administration -- Section A: Public Law Norms -- 4. Procedure -- 5. Openness -- 6. Reasoning -- 7. Substance -- Section B: Private Law Norms -- 8. Tort -- 9. Contract -- 10. Unjust Enrichment -- Part III: Accountability and Administrative Justice -- Section A: Courts and Tribunals -- 11. Judicial Review: Institutions, Nature, and Mechanics -- 12. Judicial Review: Availability and Access -- 13. Judicial Review: Remedies -- 14. Appeals -- 15. Civil Claims -- Section B: Beyond Courts and Tribunals -- 16. The Bureaucracy -- 17. Parliament -- 18. Ombudsmen -- 19. An Administrative Justice System? -- Part IV: The Values and Effects of Administrative Law -- 20.1. What is Administrative Law For? -- 20.2. The Impact of Administration Law on Public Administration.</subfield>
  </datafield>
  <datafield tag="520" ind1=" " ind2=" ">
    <subfield code="a">"Administrative Law provides a sophisticated but highly accessible account of a complex area of law of great contemporary relevance and increasing importance.  Written in a clear and flowing style, the text has been radically reorganized and extensively rewritten to present administrative law as a framework for public administration. After an exploration of the nature, province, and sources of administrative law as well as the concept of administrative justice, the book briefly discusses the institutional framework of public administration. The second part of the book deals with the normative framework of public administration, starting with a general discussion of administrative tasks and functions and then examining in some detail norms relating to administrative procedure and openness, decision-makers' reasoning processes and the substance of administrative decisions. The next topic is the private law framework provided by the law of tort, contract, and restitution. The third part of the book provides an account of institutions and mechanisms of accountability by which the framework of public administration is policed and enforced: judicial review and appeals by courts and tribunals, bureaucratic and parliamentary oversight, and investigations by ombudsmen. This part ends by considering how these various mechanisms fit into the administrative justice system. The final part of the book explores the functions of administrative law and its impact on administration"--</subfield>
  </datafield>
  <datafield tag="650" ind1=" " ind2="0">
    <subfield code="a">Judicial review of administrative acts</subfield>
    <subfield code="z">Great Britain.</subfield>
  </datafield>
  <datafield tag="650" ind1=" " ind2="0">
    <subfield code="a">Administrative law</subfield>
    <subfield code="z">Great Britain.</subfield>
  </datafield>
  <datafield tag="700" ind1="1" ind2=" ">
    <subfield code="a">Cane, Peter,</subfield>
    <subfield code="d">1950-</subfield>
    <subfield code="t">Introduction to administrative law.</subfield>
  </datafield>
  <datafield tag="906" ind1=" " ind2=" ">
    <subfield code="a">7</subfield>
    <subfield code="b">cbc</subfield>
    <subfield code="c">orignew</subfield>
    <subfield code="d">1</subfield>
    <subfield code="e">ecip</subfield>
    <subfield code="f">20</subfield>
    <subfield code="g">y-gencatlg</subfield>
  </datafield>
  <datafield tag="942" ind1=" " ind2=" ">
    <subfield code="2">lcc</subfield>
    <subfield code="c">BK</subfield>
  </datafield>
  <datafield tag="999" ind1=" " ind2=" ">
    <subfield code="c">2780</subfield>
    <subfield code="d">10280</subfield>
  </datafield>
  <datafield tag="952" ind1=" " ind2=" ">
    <subfield code="0">0</subfield>
    <subfield code="1">0</subfield>
    <subfield code="2">lcc</subfield>
    <subfield code="4">0</subfield>
    <subfield code="7">0</subfield>
    <subfield code="a">WIUC-1</subfield>
    <subfield code="b">WIUC-1</subfield>
    <subfield code="c">LL</subfield>
    <subfield code="d">2014-03-31</subfield>
    <subfield code="l">0</subfield>
    <subfield code="o">KD4902.C36</subfield>
    <subfield code="p">461/13</subfield>
    <subfield code="r">2014-03-31 00:00:00</subfield>
    <subfield code="t">1</subfield>
    <subfield code="w">2014-03-31</subfield>
    <subfield code="y">BK</subfield>
  </datafield>
  <datafield tag="952" ind1=" " ind2=" ">
    <subfield code="0">0</subfield>
    <subfield code="1">0</subfield>
    <subfield code="2">lcc</subfield>
    <subfield code="4">0</subfield>
    <subfield code="7">0</subfield>
    <subfield code="a">WIUC-1</subfield>
    <subfield code="b">WIUC-1</subfield>
    <subfield code="c">LL</subfield>
    <subfield code="d">2014-08-21</subfield>
    <subfield code="l">0</subfield>
    <subfield code="o">KD4902.C361</subfield>
    <subfield code="p">2333/1330/14</subfield>
    <subfield code="r">2014-08-21 00:00:00</subfield>
    <subfield code="t">2</subfield>
    <subfield code="w">2014-08-21</subfield>
    <subfield code="y">BK</subfield>
  </datafield>
</record>
